Разработка типовых проектных решений для АСУТП. Т. 4. Часть 3.2; Технический проект блока "Получение статических моделей отдельных объектов": Промежуточный отчет о НИР; Тема: 8-23/76

Podrobná bibliografie
Korporativní autor: Томский политехнический институт (ТПИ) (595)
Další autoři: Агеев Ю. М. (руководитель), Штефан И. А. (исполнитель)
Jazyk:ruština
Vydáno: Томск, 1980
Témata:
Médium: MixedMaterials Kniha
KOHA link:https://koha.lib.tpu.ru/cgi-bin/koha/opac-detail.pl?biblionumber=161096

MARC

LEADER 00000nbm0a2200000 4500
001 161096
005 20231031155812.0
029 0 0 |a SU  |b 77022712  |f ТПУ 
035 |a (RuTPU)RU\TPU\book\174694 
035 |a RU\TPU\book\172434 
090 |a 161096 
100 |a 20090603d1980 k y0rusy50 ca 
101 0 |a rus 
102 |a RU 
105 |a a p 001zy 
200 1 |a Разработка типовых проектных решений для АСУТП. Т. 4. Часть 3.2  |a Технический проект блока "Получение статических моделей отдельных объектов"  |e Промежуточный отчет о НИР  |e Тема: 8-23/76  |f Томский политехнический институт (ТПИ) ; руководитель Ю. М. Агеев ; И. А. Штефан 
210 |a Томск  |d 1980 
215 |a 176 л. 
320 |a Библиогр.: с. 80-81. 
610 1 |a отчеты о НИР 
610 1 |a непрерывные технологические процессы 
610 1 |a автоматизированные системы проектирования 
610 1 |a АСУ 
610 1 |a АСУ ТП 
610 1 |a алгоритмические модули 
610 1 |a метод группового учета 
610 1 |a статические модели 
610 1 |a регрессионный анализ 
610 1 |a управляющие программы модулей 
675 |a 65.011.56(04)  |v 3 
702 1 |a Агеев  |b Ю. М.  |4 673 
702 1 |a Штефан  |b И. А.  |4 677 
712 0 2 |a Томский политехнический институт (ТПИ)  |c (1944-1991)  |2 stltpush  |3 (RuTPU)RU\TPU\col\1123  |4 595 
801 1 |a RU  |b 63413507  |c 20090420  |g PSBO 
801 2 |a RU  |b 63413507  |c 20090603  |g PSBO 
942 |c BK